The Art song in America.

Bibliographic Details
Other Authors: Hanks, John Kennedy (Vocalist), Friedberg, Ruth C., 1928- (Instrumentalist)
Format: CD Audio
Language:English
Published: Durham, N.C. : Duke University Press, [1965]
Subjects:

MARC

Tag First Indicator Second Indicator Subfields
LEADER 00000cjm a2200000 a 4500
001 in00000080358
005 20211202133847.0
007 sd bmmenn----|
008 800619s1965 ncusgnn de n 0 eng d
028 0 2 |a DWRM 7501  |b Duke University Press 
035 |a (OCoLC)06438817 
035 |9 AAJ6935AM 
040 |a OKO  |c OKO  |d TXA  |d UtOrBLW 
043 |a n-us--- 
045 |a w5x7 
048 |b vd01  |a ka01 
049 |a TXAV 
090 |a M1619  |b .A86 
099 |a LP-0039 
245 0 4 |a The Art song in America. 
264 1 |a Durham, N.C. :  |b Duke University Press,  |c [1965] 
264 4 |c ©1965 
300 |a 2 sound discs :  |b 33 1/3 rpm ;  |c 12 in. 
336 |a performed music  |b prm  |2 rdacontent 
337 |a audio  |b s  |2 rdamedia 
338 |a audio disc  |b sd  |2 rdacarrier 
500 |a Manual sequence. 
500 |a Program notes and texts of the songs ([6] pages) bound in album. 
500 |a Contains 39 songs by MacDowell, Chadwick, Leoffler, Ives, Hageman, Carpenter, Griffes, Josten, Duke, Bacon, Copland, Harris, Dougherty, Bowles, Finney, Barber, Nordoff, Klenz, Dello Joio. 
511 0 |a John Kennedy Hanks, tenor; Ruth Friedberg, piano. 
500 |a Sound recording. 
650 0 |a Songs (High voice) with piano. 
650 0 |a Songs  |z United States. 
700 1 |a Hanks, John Kennedy,  |e vocalist. 
700 1 |a Friedberg, Ruth C.,  |d 1928-  |e instrumentalist. 
999 |a MARS 
999 f f |s ed773f54-0fef-3130-a582-58ce223945ba  |i 5ba119ff-7bc8-38ac-bc93-0ceea0529785  |t 0 
952 f f |p ric  |a Texas A&M University  |b Rellis Campus  |c Joint Library Facility  |d Remote Storage  |t 0  |e LP-0039  |h Other scheme  |i audio -- audio disc  |m A14851282724 
998 f f |a LP-0039  |t 0  |l Remote Storage